The negotiable instruments act (Act no. XXVI of 1881, as amended up to date) Being an exhaustive commentary on the Act embodying case law up to December 1964, (Record no. 4607)
[ view plain ]
| 000 -LEADER | |
|---|---|
| fixed length control field | 01077cam a2200253u 4500 |
| 001 - CONTROL NUMBER | |
| control field | 4607 |
| 003 - CONTROL NUMBER IDENTIFIER | |
| rucl marc code | BD-RjUL |
| 005 - DATE AND TIME OF LATEST TRANSACTION | |
| control field | 20211208233925.0 |
| 008 - FIXED-LENGTH DATA ELEMENTS--GENERAL INFORMATION | |
| fixed length control field | 131223s1965 pk k 000 0 eng |
| 035 ## - SYSTEM CONTROL NUMBER | |
| System control number | (BD-RjUL) |
| 040 ## - CATALOGING SOURCE | |
| Original cataloging agency | DLC |
| Transcribing agency | CarP |
| Modifying agency | DLC |
| Language of cataloging | eng |
| 041 ## - LANGUAGE CODE | |
| Language code of text/sound track or separate title | eng |
| 082 ## - DEWEY DECIMAL CLASSIFICATION NUMBER | |
| Classification number | 340 |
| Author mark and year | HUN 1965 |
| 110 1# - MAIN ENTRY--CORPORATE NAME | |
| Corporate name or jurisdiction name as entry element | Pakistan. |
| Form subheading | Laws, statutes, etc. [from old catalog] |
| 9 (RLIN) | 14535 |
| 245 14 - TITLE STATEMENT | |
| Title | The negotiable instruments act (Act no. XXVI of 1881, as amended up to date) Being an exhaustive commentary on the Act embodying case law up to December 1964, |
| Statement of responsibility, etc. | with introd. and appendices containing forms of negotiable instruments (English), Bills of exchange act, notaries ordinance, rules relating to notaries public and the banking companies ordinance, |
| 250 ## - EDITION STATEMENT | |
| Edition statement | [1st ed.] |
| 260 ## - PUBLICATION, DISTRIBUTION, ETC. (IMPRINT) | |
| Place of publication, distribution, etc. | Karachi, |
| Name of publisher, distributor, etc. | Eastern Law Publications, |
| Date of publication, distribution, etc. | 1965. |
| 300 ## - PHYSICAL DESCRIPTION | |
| Pagination | xxv, 387 p. |
| Illustrations | forms. |
| Size | 26 cm. |
| 650 #0 - SUBJECT ADDED ENTRY--TOPICAL TERM | |
| Topical term or geographic name as entry element | Negotiable instruments |
| Geographic subdivision | Pakistan. |
| 9 (RLIN) | 14536 |
| 700 1# - ADDED ENTRY--PERSONAL NAME | |
| Personal name | Mushtaq, Hussain S., [from old catalog] |
| Relator term | ed. |
| 942 ## - ADDED ENTRY ELEMENTS (KOHA) | |
| Source of classification or shelving scheme | Dewey Decimal Classification |
| Koha item type | Books |
| Lost status | Source of classification or shelving scheme | Damaged status | Not for loan | Collection code | Permanent Location | Current Location | Shelving location | Date acquired | Source of acquisition | Cost, normal purchase price | Total Checkouts | Full call number | Date last seen | Copy number | Koha item type |
|---|---|---|---|---|---|---|---|---|---|---|---|---|---|---|---|
| Dewey Decimal Classification | Not For Loan | Non-fiction | Central Library, University of Rajshahi | Central Library, University of Rajshahi | 08/02/1967 | Royal BooK Co. | 20.00 | 340 HUN 1965 | 23/12/2013 | C-1 | Books |